000 00982cad a22002055a 4500
001 L158241
008 141105s2014 xxk f 000 0 eng d
035 _a(Sirsi) u158241
041 0 _aeng
110 2 _aNational Audit Office
_94918
245 0 0 _aStrategic Flood Risk Management
_h[electronic resource]
260 _aLondon
_bNational Audit Office
_c2014
520 _aNational Audit Office report comments that the Environment Agency has improved its cost effectiveness and prioritization of its flood risk spending. However DEFRA and the agency have limited resources and current spending is insufficient to meet many of the maintenance needs the Agency has identified for its flood defences.
590 _aKA
651 4 _aEngland
_y886-
690 _aEnvironment
_96238
690 _aInfrastructure
_96246
856 4 0 _uhttps://www.nao.org.uk/wp-content/uploads/2014/11/Strategic-flood-risk-management.pdf/
_zView the report free of charge at www.nao.org.uk
942 _n0
999 _c115221
_d115221